000 00612nam a2200241Ia 4500
003 OSt
005 20221006145019.0
006 a|||||r|||| 00| 0
007 ta
008 221006b |||||||| |||| 00| 0 eng d
020 _c20.00
024 _a13,509
037 _cTextual
040 _aEASL
_cEASL
_beng
041 _2eng
_aeng
082 _aV498,8.N6, K9
100 _aRAHUL Ram
_9106230
245 0 _aGovernment and politics of Tibet
260 _aDelhi
_bVikas Pub.
_c1969
300 _a160p.
_ccm.
942 _hV498,8.N6, K9
_cTEXL
_2CC
999 _c1081595
_d1081595